00000000nam##2200000za#4500
0019.519525
003CaOODSP
00520220405154828
007ta
008150406|1991||||xxc|||||     f|0| 0 fre|d
022 |a0226-4587
040 |aCaOODSP|bfre
041 |aeng
041 |afre
043 |an-cn---
0861 |aP29-157-006-1-1991
1102 |aOffice des normes générales du Canada.
24510|aMesure de débit des liquides dans les cannaux découverts -- méthodes d'exploration du champ des vitesses -- recueil et traitement des données pour la détermination des erreurs de mesurage / |cPréparé par l'Organisation internationale de normalisation.
260 |aOttawa - Ontario : |bOffice des normes générales du Canada |cJuin 1991.
300 |aTexte français, 21p. : |bgraphiques, tableaux ; |c28 cm.
4901 |aNorme nationale du Canada|x0226-4587 |vCAN/CGSB-157.6-M91
500 |aISO 1088:1985.
546 |aBilingue
563 |aCouverture souple
590 |a91-52|b1991-12-27
791 |tLiquid flow measurement in open channels -- velocity-area methods -- collection and processing of data for determination of errors in measurement / |eeng|w(CaOODSP)9.519524
830#0|aNorme nationale du Canada,|x0226-4587 |vCAN/CGSB-157.6-M91|w(CaOODSP)9.509559
986 |aNorme nationale du Canada